ラーメン山岡家の店舗 - Statistics

General Stats
  • This quiz has been taken 24 times
  • The average score is 36 of 186
Answer Stats
エリア 店種 店名 % Correct
北海道 道東エリア ラーメン山岡家 釧路店
62%
北海道 道東エリア ラーメン山岡家 北見店
48%
北海道 道南エリア 味噌ラーメン山岡家 苫小牧店
48%
茨城県 県南エリア ラーメン山岡家 土浦店
48%
北海道 道東エリア ラーメン山岡家 帯広店
43%
北海道 道東エリア ラーメン山岡家 網走店
43%
茨城県 県南エリア ラーメン山岡家 牛久店
43%
千葉県 柏・野田エリア ラーメン山岡家 柏店
43%
千葉県 柏・野田エリア ラーメン山岡家 野田店
43%
神奈川県 ラーメン山岡家 平塚店
43%
群馬県 ラーメン山岡家 太田店
43%
北海道 道北エリア ラーメン山岡家 旭川永山店
38%
北海道 道北エリア ラーメン山岡家 稚内店
38%
北海道 道央エリア ラーメン山岡家 岩見沢店
38%
北海道 道央エリア ラーメン山岡家 富良野店
38%
北海道 道央エリア ラーメン山岡家 江別店
38%
北海道 札幌市内 ラーメン山岡家 手稲店
38%
千葉県 成田・外房エリア ラーメン山岡家 成田店
38%
千葉県 湾岸エリア ラーメン山岡家 木更津店
38%
千葉県 湾岸エリア ラーメン山岡家 君津店
38%
東京都 多摩エリア ラーメン山岡家 青梅店
38%
北海道 道東エリア ラーメン山岡家 中標津店
33%
北海道 道北エリア ラーメン山岡家 留萌店
33%
北海道 道央エリア ラーメン山岡家 滝川店
33%
北海道 道央エリア ラーメン山岡家 千歳店
33%
北海道 札幌市内 ラーメン山岡家 藤野店
33%
北海道 札幌市内 ラーメン山岡家 東雁来店
33%
北海道 札幌市内 ラーメン山岡家 月寒店
33%
北海道 札幌市内 ラーメン山岡家 大谷地店
33%
北海道 道南エリア ラーメン山岡家 室蘭店
33%
青森県 ラーメン山岡家 | 煮干しラーメン山岡家 弘前店
33%
茨城県 県南エリア ラーメン山岡家 守谷店
33%
茨城県 県南エリア ラーメン山岡家 石岡店
33%
栃木県 ラーメン山岡家 佐野店
33%
埼玉県 ラーメン山岡家 上尾店
33%
北海道 道東エリア ラーメン山岡家 美幌店
29%
北海道 道北エリア ラーメン山岡家 士別店
29%
北海道 道北エリア ラーメン山岡家 紋別店
29%
北海道 道央エリア ラーメン山岡家 余市店
29%
北海道 道南エリア ラーメン山岡家 上磯店
29%
北海道 道南エリア ラーメン山岡家 伊達店
29%
北海道 道南エリア ラーメン山岡家 新ひだか店
29%
青森県 ラーメン山岡家 八戸店
29%
福島県 ラーメン山岡家 郡山店
29%
茨城県 水戸・日立エリア ラーメン山岡家 ひたちなか店
29%
茨城県 水戸・日立エリア ラーメン山岡家 水戸内原店
29%
千葉県 湾岸エリア ラーメン山岡家 八千代店
29%
栃木県 ラーメン山岡家 足利店
29%
群馬県 ラーメン山岡家 館林店
29%
北海道 札幌市内 ラーメン山岡家 南2条店
29%
北海道 道東エリア ラーメン山岡家 音更店
24%
北海道 道北エリア ラーメン山岡家 遠軽店
24%
北海道 道央エリア ラーメン山岡家 恵庭店
24%
北海道 道央エリア ラーメン山岡家 北広島店
24%
北海道 道央エリア ラーメン山岡家 朝里店
24%
北海道 札幌市内 ラーメン山岡家 新発寒店
24%
北海道 札幌市内 味噌ラーメン山岡家 | 餃子の山岡家 すすきの店
24%
北海道 道南エリア ラーメン山岡家 苫小牧糸井店
24%
北海道 道南エリア ラーメン山岡家 八雲店
24%
千葉県 柏・野田エリア ラーメン山岡家 松戸北小金店
24%
埼玉県 ラーメン山岡家 狭山店
24%
埼玉県 ラーメン山岡家 熊谷店
24%
埼玉県 煮干しラーメン山岡家 久喜店
24%
神奈川県 ラーメン山岡家 厚木店
24%
神奈川県 ラーメン山岡家 相模原店
24%
長野県 ラーメン山岡家 松本店
24%
兵庫県 ラーメン山岡家 明石店
24%
北海道 道東エリア ラーメン山岡家 帯広南店
19%
北海道 道北エリア ラーメン山岡家 東光店
19%
北海道 道北エリア ラーメン山岡家 旭川神居店
19%
北海道 道央エリア ラーメン山岡家 樽川店
19%
北海道 札幌市内 ラーメン山岡家 太平店
19%
北海道 札幌市内 ラーメン山岡家 新道店
19%
北海道 札幌市内 ラーメン山岡家 新すすきの店
19%
北海道 道南エリア ラーメン山岡家 苫小牧船見店
19%
北海道 道南エリア ラーメン山岡家 倶知安店
19%
宮城県 ラーメン山岡家 名取店
19%
福島県 ラーメン山岡家 いわき店
19%
茨城県 水戸・日立エリア ラーメン山岡家 常陸大宮店
19%
茨城県 県南エリア 煮干しラーメン山岡家 荒川沖店
19%
千葉県 成田・外房エリア ラーメン山岡家 東金店
19%
千葉県 湾岸エリア ラーメン山岡家 千葉鎌ケ谷店
19%
埼玉県 ラーメン山岡家 春日部店
19%
埼玉県 ラーメン山岡家 さいたま丸ヶ崎店
19%
埼玉県 ラーメン山岡家 越谷レイクタウン店
19%
東京都 多摩エリア ラーメン山岡家 瑞穂店
19%
静岡県 東部 ラーメン山岡家 富士店
19%
愛知県 ラーメン山岡家 一宮店
19%
三重県 ラーメン山岡家 桑名店
19%
石川県 ラーメン山岡家 小松店
19%
北海道 道南エリア ラーメン山岡家 函館万代店
14%
福島県 ラーメン山岡家 福島矢野目店
14%
福島県 ラーメン山岡家 須賀川店
14%
茨城県 水戸・日立エリア ラーメン山岡家 水戸南店
14%
茨城県 県南エリア ラーメン山岡家 阿見店
14%
茨城県 県南エリア ラーメン山岡家 岩瀬店
14%
茨城県 県南エリア ラーメン山岡家 谷田部店
14%
茨城県 県南エリア ラーメン山岡家 つくば中央店
14%
茨城県 県南エリア ラーメン山岡家 水戸城南店
14%
千葉県 成田・外房エリア ラーメン山岡家 成田飯仲店
14%
千葉県 成田・外房エリア ラーメン山岡家 千葉佐倉店
14%
千葉県 湾岸エリア ラーメン山岡家 千葉中央区店
14%
千葉県 湾岸エリア ラーメン山岡家 千葉花見川区店
14%
千葉県 湾岸エリア ラーメン山岡家 東千葉店
14%
千葉県 湾岸エリア ラーメン山岡家 千葉若葉区店
14%
千葉県 湾岸エリア ラーメン山岡家 蘇我店
14%
栃木県 ラーメン山岡家 宇都宮長岡店
14%
栃木県 ラーメン山岡家 上三川店
14%
栃木県 ラーメン山岡家 栃木店
14%
埼玉県 ラーメン山岡家 さいたま宮前店
14%
埼玉県 ラーメン山岡家 川島店
14%
群馬県 ラーメン山岡家 大泉店
14%
長野県 ラーメン山岡家 諏訪店
14%
静岡県 東部 ラーメン山岡家 富士宮店
14%
静岡県 東部 ラーメン山岡家 焼津店
14%
富山県 ラーメン山岡家 富山田尻店
14%
滋賀県 ラーメン山岡家 長浜店
14%
兵庫県 ラーメン山岡家 たつの店
14%
山口県 ラーメン山岡家 長府店
14%
福岡県 ラーメン山岡家 北九州店
14%
福岡県 ラーメン山岡家 小倉西港店
14%
北海道 札幌市内 ラーメン山岡家 | 味噌ラーメン山岡家 | 煮干しラーメン山岡家 狸小路4丁目店
14%
北海道 道東エリア ラーメン山岡家 釧路町店
10%
北海道 道央エリア ラーメン山岡家 新文京台店
10%
宮城県 ラーメン山岡家 仙台泉区店
10%
山形県 ラーメン山岡家 山形青田店
10%
山形県 ラーメン山岡家 山形西田店
10%
秋田県 ラーメン山岡家 秋田寺内店
10%
茨城県 水戸・日立エリア ラーメン山岡家 日立東金沢店
10%
茨城県 県南エリア ラーメン山岡家 かすみがうら店
10%
茨城県 県南エリア ラーメン山岡家 神栖店
10%
茨城県 県南エリア ラーメン山岡家 新結城店
10%
栃木県 ラーメン山岡家 小山田間店
10%
栃木県 ラーメン山岡家 大田原店
10%
埼玉県 ラーメン山岡家 鷲宮店
10%
埼玉県 ラーメン山岡家 羽生店
10%
埼玉県 ラーメン山岡家 鶴ヶ島店
10%
群馬県 ラーメン山岡家 高崎西店
10%
群馬県 ラーメン山岡家 前橋野中店
10%
新潟県 ラーメン山岡家 長岡堺店
10%
新潟県 ラーメン山岡家 新潟新和店
10%
新潟県 ラーメン山岡家 新潟白根大通店
10%
新潟県 ラーメン山岡家 新潟藤見店
10%
山梨県 ラーメン山岡家 笛吹店
10%
山梨県 煮干しラーメン山岡家 フォレストモール甲斐店
10%
愛知県 ラーメン山岡家 大口店
10%
愛知県 ラーメン山岡家 名古屋宝神店
10%
愛知県 ラーメン山岡家 愛知刈谷店
10%
愛知県 ラーメン山岡家 半田店
10%
岐阜県 ラーメン山岡家 新大垣店
10%
富山県 ラーメン山岡家 高岡インター店
10%
石川県 ラーメン山岡家 野々市店
10%
福井県 ラーメン山岡家 越前店
10%
兵庫県 ラーメン山岡家 加古川平岡店
10%
岡山県 ラーメン山岡家 岡山奥田店
10%
広島県 ラーメン山岡家 東広島店
10%
岩手県 ラーメン山岡家 岩手盛岡店
5%
宮城県 ラーメン山岡家 宮城野店
5%
青森県 ラーメン山岡家 青森東店
5%
秋田県 ラーメン山岡家 秋田仁井田店
5%
栃木県 ラーメン山岡家 小山駅南町店
5%
栃木県 ラーメン山岡家 壬生店
5%
栃木県 ラーメン山岡家 テクノポリスセンター店
5%
群馬県 ラーメン山岡家 高崎倉賀野店
5%
新潟県 ラーメン山岡家 上越店
5%
山梨県 ラーメン山岡家 山梨甲斐店
5%
長野県 ラーメン山岡家 長野南長池店
5%
静岡県 東部 ラーメン山岡家 沼津柿田川店
5%
静岡県 西部 ラーメン山岡家 浜松有玉店
5%
静岡県 西部 ラーメン山岡家 浜松薬師店
5%
静岡県 西部 ラーメン山岡家 浜松南区店
5%
愛知県 ラーメン山岡家 豊橋下地店
5%
愛知県 ラーメン山岡家 音羽蒲郡店
5%
三重県 ラーメン山岡家 四日市采女店
5%
三重県 ラーメン山岡家 四日市塩浜店
5%
福井県 ラーメン山岡家 福井大和田店
5%
北海道 道南エリア ラーメン山岡家 函館鍛冶店
0%
岩手県 ラーメン山岡家 盛岡インター店
0%
宮城県 ラーメン山岡家 定禅寺通店
0%
群馬県 ラーメン山岡家 伊勢崎宮子店
0%
群馬県 ラーメン山岡家 高崎中尾店
0%
山梨県 ラーメン山岡家 フォレスト河口湖店
0%
No matching quizzes found
Score Distribution
Percent of People with Each Score
Percentile by Number Answered
Your Score History
You have not taken this quiz